000 00735nam a22002297a 4500
999 _c17551
_d17551
003 AR-CdUCM
008 190509b ||||| |||| 00| 0 spa d
040 _aMUNICIPALIDAD PROVINCIAL DEL CUSCO
_cBIBLIOTECA MUNICIPAL DEL CUSCO
082 _a869.508 /
_bH43
_22ed.
100 _aHernández, Arturo D.
_915767
245 _aSangama :
_bnovela original de la selva Amazónica /
260 _aLima.
300 _a367 páginas ;
_c22 cm.
500 _aPremiada con medalla de oro por la Municipalidad de Lima.
505 _aContenido: Novela.
650 _aNovelas peruanas
_9545
650 _aSiglo XX
_98
650 _aNovelas de costumbres
_9168
650 _aAmazonía
_93433
942 _2ddc
_cLIBROS
945 _aachl
_d2019-05-09